[Event "FB1 2324 OSG Baden-Baden - SK Doppelbaue"]
[Site "Norderstedt, Germany"]
[Date "2024.01.21"]
[Round "6.1"]
[White "Rath, Alina"]
[Black "Khademalsharieh, Sarasadat"]
[Result "0-1"]
[WhiteElo "2029"]
[BlackElo "2486"]
[PlyCount "60"]
[EventDate "2024.??.??"]

1. c4 e6 2. g3 d5 3. Bg2 Nf6 4. Nf3 Be7 5. O-O O-O 6. b3 c5 7. e3 Nc6 8. Bb2 d4 9. exd4 cxd4 10. d3 Bc5 11. Re1 Re8 12. Nbd2 e5 13. a3 a5 14. Ne4 Nxe4 15. dxe4 d3 16. Rf1 Bg4 17. h3 Bxf3 18. Qxf3 Bd4 19. Bxd4 Qxd4 20. Rfd1 Rad8 21. Bf1 Qb2 22. Rab1 Qxa3 23. Rxd3 Nd4 24. Qd1 Qc5 25. Qe1 Qc7 26. Kg2 b6 27. Rc1 f5 28. f3 f4 29. gxf4 exf4 30. Rcd1 Nc2 0-1

[Event "FB1 2324 OSG Baden-Baden - SK Doppelbaue"]
[Site "Norderstedt, Germany"]
[Date "2024.01.21"]
[Round "6.2"]
[White "Paehtz, Elisabeth"]
[Black "Falke, Ornella"]
[Result "1-0"]
[WhiteElo "2461"]
[BlackElo "1969"]
[PlyCount "67"]
[EventDate "2024.??.??"]

1. Nf3 Nf6 2. c4 c5 3. g3 Nc6 4. Bg2 e6 5. O-O Be7 6. d4 cxd4 7. Nxd4 O-O 8. Nc3 Qb6 9. Ndb5 a6 10. Be3 Qa5 11. Nd6 Qc7 12. c5 b5 13. Rc1 Ne8 14. Bf4 Qa7 15. a4 b4 16. Nce4 e5 17. Be3 a5 18. Qd2 Ba6 19. Nf5 Rd8 20. Rfd1 Qc7 21. b3 Bb7 22. h4 g6 23. Nxe7+ Nxe7 24. Bh6 Ng7 25. Qd6 Qxd6 26. cxd6 Nc6 27. Bg5 f5 28. Nc5 Rb8 29. Bd5+ Kh8 30. Nxd7 Nd4 31. Rxd4 exd4 32. Bxb7 Rf7 33. Nxb8 Rxb7 34. Rc8+ 1-0

[Event "FB1 2324 OSG Baden-Baden - SK Doppelbaue"]
[Site "Norderstedt, Germany"]
[Date "2024.01.21"]
[Round "6.3"]
[White "Braeutigam, Katerina"]
[Black "Wagner, Dinara"]
[Result "0-1"]
[WhiteElo "1843"]
[BlackElo "2459"]
[PlyCount "60"]
[EventDate "2024.??.??"]

1. e4 c5 2. Nf3 Nc6 3. d4 cxd4 4. Nxd4 Qb6 5. Nb3 Nf6 6. Nc3 e6 7. Be3 Qc7 8. a3 a6 9. Be2 d6 10. O-O b5 11. f4 Be7 12. Bf3 Bb7 13. Qe1 O-O 14. g4 b4 15. axb4 Nxb4 16. Rc1 d5 17. e5 Ne4 18. Bxe4 dxe4 19. Qg3 Rfd8 20. f5 Nd5 21. Nxd5 Rxd5 22. f6 Bf8 23. Bf4 Rad8 24. Qe3 a5 25. Qe2 a4 26. Na1 e3 27. Bxe3 Rxe5 28. b4 Bxb4 29. Rcd1 Rc8 30. Rd3 Qc6 0-1

[Event "FB1 2324 OSG Baden-Baden - SK Doppelbaue"]
[Site "Norderstedt, Germany"]
[Date "2024.01.21"]
[Round "6.4"]
[White "Narva, Mai"]
[Black "Staerk, Elisa"]
[Result "1-0"]
[WhiteElo "2400"]
[BlackElo "1978"]
[PlyCount "73"]
[EventDate "2024.??.??"]

1. e4 c5 2. Nf3 d6 3. d4 cxd4 4. Nxd4 Nf6 5. Nc3 a6 6. Be2 e5 7. Nb3 Be7 8. Be3 Be6 9. Qd3 Nbd7 10. Nd5 Bxd5 11. exd5 Rc8 12. c4 Nb6 13. Nd2 Na4 14. g4 Qd7 15. b3 Nc5 16. Bxc5 Rxc5 17. g5 Ng8 18. Rg1 Rc7 19. Ne4 h6 20. Bg4 Qd8 21. h4 Kf8 22. Qe3 b5 23. c5 hxg5 24. hxg5 Rxc5 25. Nxc5 dxc5 26. d6 Bxd6 27. Rd1 Qc7 28. Qf3 Ke7 29. Ke2 c4 30. Rxd6 Kxd6 31. Rd1+ Kc5 32. a3 Kb6 33. Qe3+ Kb7 34. Bf3+ Kb8 35. Qe4 Ka7 36. Qa8+ Kb6 37. b4 1-0

[Event "FB1 2324 OSG Baden-Baden - SK Doppelbaue"]
[Site "Norderstedt, Germany"]
[Date "2024.01.21"]
[Round "6.5"]
[White "Gressmann, Hanna"]
[Black "Zatonskih, Anna"]
[Result "1/2-1/2"]
[WhiteElo "1952"]
[BlackElo "2347"]
[PlyCount "64"]
[EventDate "2024.??.??"]

1. e4 e6 2. d4 d5 3. Nd2 c5 4. exd5 Qxd5 5. Ngf3 cxd4 6. Bc4 Qd8 7. O-O a6 8. a4 Nc6 9. Nb3 Bd6 10. Nbxd4 Nge7 11. Nxc6 Nxc6 12. Qe2 Qc7 13. c3 h6 14. Rd1 Ne5 15. Nxe5 Bxe5 16. h3 Bd7 17. Bd3 Bc6 18. Be4 Bxe4 19. Qxe4 O-O 20. Be3 Rfd8 21. Qb4 Qc6 22. Qg4 Kh8 23. Bd4 Rd5 24. Qf3 Bxd4 25. Rxd4 Rxd4 26. Qxc6 bxc6 27. cxd4 Rd8 28. Rc1 Rxd4 29. b3 Rd6 30. Kf1 Rd3 31. Rxc6 Rxb3 32. Rxa6 Ra3 1/2-1/2

[Event "FB1 2324 OSG Baden-Baden - SK Doppelbaue"]
[Site "Norderstedt, Germany"]
[Date "2024.01.21"]
[Round "6.6"]
[White "Heinemann, Josefine"]
[Black "Benzen, Marthe"]
[Result "1-0"]
[WhiteElo "2361"]
[BlackElo "1942"]
[PlyCount "71"]
[EventDate "2024.??.??"]

1. c4 Nf6 2. Nf3 g6 3. Nc3 Bg7 4. e4 d6 5. d4 O-O 6. Be2 e5 7. O-O Nc6 8. d5 Ne7 9. b4 a5 10. Ba3 axb4 11. Bxb4 Nd7 12. a4 f5 13. Ng5 Nf6 14. c5 dxc5 15. Bxc5 h6 16. Ne6 Bxe6 17. dxe6 Re8 18. Qb3 b6 19. Ba3 fxe4 20. Bb5 c6 21. Bxc6 Rb8 22. Bxe8 Qxe8 23. Bxe7 Qxe7 24. Nd5 Nxd5 25. Qxd5 Rd8 26. Qxe4 Qxe6 27. Rfd1 Re8 28. Rac1 Qf5 29. Qc6 Re6 30. Rd6 Rxd6 31. Qxd6 Qf4 32. Rc8+ Kh7 33. Qe6 Bf8 34. Rc7+ Bg7 35. Qf7 Qxf7 36. Rxf7 1-0

[Event "FB1 2324 SK Schwäbisch Hall - SG Soling"]
[Site "?"]
[Date "2024.01.21"]
[Round "6.1"]
[White "Gaponenko, Inna"]
[Black "Khotenashvili, Bella"]
[Result "0-1"]
[WhiteElo "2332"]
[BlackElo "2467"]
[PlyCount "139"]
[EventDate "2024.??.??"]

1. e4 g6 2. d4 Bg7 3. Nc3 d6 4. f4 a6 5. Nf3 b5 6. Bd3 e6 7. e5 Bb7 8. a4 b4 9. Ne4 Bxe4 10. Bxe4 d5 11. Bd3 c5 12. dxc5 Bf8 13. Be3 Qc7 14. c4 bxc3 15. Qc2 cxb2 16. Rb1 Nd7 17. c6 Nc5 18. Bxc5 Qa5+ 19. Ke2 Bxc5 20. Qxb2 Ne7 21. Rhc1 O-O 22. Qd2 Bb6 23. Qxa5 Bxa5 24. Rb7 Nc8 25. c7 Bb6 26. Rc6 a5 27. h4 h5 28. g3 Kg7 29. Ne1 Bg1 30. Nf3 Bb6 31. Ne1 Bg1 32. Kf1 Ra7 33. Rxa7 Nxa7 34. Rc2 Bb6 35. Ba6 Nc8 36. Rc6 Ba7 37. Nd3 Bd4 38. Ke2 Re8 39. Rd6 Nb6 40. Rxb6 Bxb6 41. c8=Q Rxc8 42. Bxc8 Kf8 43. Kf3 Bd4 44. g4 hxg4+ 45. Kxg4 Ke7 46. h5 gxh5+ 47. Kxh5 f6 48. Kg6 fxe5 49. Nxe5 Be3 50. Nd3 Bd4 51. Bb7 Be3 52. f5 exf5 53. Bxd5 Kd6 54. Bg2 Ke6 55. Bh3 Kd5 56. Bxf5 Bd2 57. Kf7 Bg5 58. Ke8 Kd6 59. Bd7 Bf6 60. Bb5 Kc7 61. Kf7 Bc3 62. Ke6 Kb6 63. Kd5 Bd2 64. Be8 Bc3 65. Kc4 Bd2 66. Ne5 Be1 67. Kd5 Bb4 68. Bh5 Be1 69. Nc4+ Ka6 70. Kc6 0-1

[Event "FB1 2324 SK Schwäbisch Hall - SG Soling"]
[Site "?"]
[Date "2024.01.21"]
[Round "6.2"]
[White "Batsiashvili, Nino"]
[Black "Dolzhykova, Kateryna"]
[Result "1-0"]
[WhiteElo "2451"]
[BlackElo "2227"]
[PlyCount "77"]
[EventDate "2024.??.??"]

1. d4 Nf6 2. c4 g6 3. Nc3 Bg7 4. e4 d6 5. Be2 O-O 6. h4 c5 7. d5 e6 8. h5 exd5 9. exd5 Re8 10. h6 Bh8 11. Bg5 Qb6 12. b3 Bf5 13. Kf1 Ne4 14. Nxe4 Bxe4 15. Rc1 Qa5 16. Rh3 Qxa2 17. g4 Bb2 18. Qd2 Nd7 19. Re1 f5 20. Re3 Bb1 21. Qd1 Rxe3 22. Bxe3 Be4 23. f3 Bc3 24. fxe4 Bxe1 25. Qxe1 Qxb3 26. Qa1 Ne5 27. Bxc5 Qg3 28. Bxd6 Re8 29. Bxe5 Rxe5 30. Nf3 Re7 31. gxf5 gxf5 32. Qf6 Rf7 33. Qg5+ Qxg5 34. Nxg5 Rf6 35. e5 Rxh6 36. d6 Kf8 37. e6 Rh4 38. c5 h6 39. e7+ 1-0

[Event "FB1 2324 SK Schwäbisch Hall - SG Soling"]
[Site "?"]
[Date "2024.01.21"]
[Round "6.3"]
[White "Muetsch, Annmarie"]
[Black "Arabidze, Meri"]
[Result "0-1"]
[WhiteElo "2283"]
[BlackElo "2466"]
[PlyCount "82"]
[EventDate "2024.??.??"]

1. d4 Nf6 2. Bg5 e6 3. e3 h6 4. Bh4 c5 5. c3 b6 6. Nf3 Bb7 7. Nbd2 Be7 8. Rc1 d6 9. Bxf6 Bxf6 10. Bd3 O-O 11. Bb1 g6 12. h4 Bg7 13. g4 Nc6 14. a3 cxd4 15. cxd4 Rc8 16. b4 Ne7 17. g5 h5 18. O-O Qd7 19. Be4 Ba6 20. Re1 e5 21. Rxc8 Bxc8 22. Nh2 d5 23. Bg2 exd4 24. exd4 Bxd4 25. Ndf3 Bc3 26. Re3 Bg7 27. Ne5 Qc7 28. Nhf3 Nf5 29. Re1 d4 30. Qc1 Qc3 31. Nc6 a6 32. Rd1 Bb7 33. Ne1 Kh7 34. a4 Nxh4 35. Bd5 Qh3 36. Rd3 Qg4+ 37. Rg3 Qd7 38. Bh1 Re8 39. b5 axb5 40. axb5 Qe6 41. Nc2 Qc4 0-1

[Event "FB1 2324 SK Schwäbisch Hall - SG Soling"]
[Site "?"]
[Date "2024.01.21"]
[Round "6.4"]
[White "Javakhishvili, Lela"]
[Black "Agrest, Inna"]
[Result "1-0"]
[WhiteElo "2433"]
[BlackElo "2287"]
[PlyCount "145"]
[EventDate "2024.??.??"]

1. d4 Nf6 2. c4 g6 3. Nc3 Bg7 4. g3 O-O 5. Bg2 d6 6. Nf3 Nbd7 7. O-O e5 8. e4 exd4 9. Nxd4 Re8 10. Qc2 Nc5 11. Rd1 Qe7 12. f3 c6 13. Be3 Nfd7 14. Bf2 Ne5 15. b3 a5 16. h3 Ned7 17. Rd2 h5 18. Nde2 h4 19. Rad1 hxg3 20. Bxg3 Qg5 21. Rxd6 Nf6 22. Qd2 Qxd2 23. R6xd2 Nh5 24. Rd8 Bxh3 25. Rxe8+ Rxe8 26. Bc7 Bxg2 27. Kxg2 Ne6 28. Bb6 Nhf4+ 29. Kf2 Be5 30. Rd7 Nh3+ 31. Kf1 Nhf4 32. Rxb7 Kg7 33. Nxf4 Nxf4 34. Ne2 Ne6 35. Bxa5 Rh8 36. f4 Bb2 37. Bb6 c5 38. Kg2 Rh4 39. a4 g5 40. fxg5 Rxe4 41. Kf2 Bd4+ 42. Nxd4 Rxd4 43. a5 Rd2+ 44. Ke3 Ra2 45. Kd3 Nxg5 46. Bxc5 Rxa5 47. Bb6 Ra3 48. Kc3 Ne4+ 49. Kb2 Ra8 50. c5 Rc8 51. b4 Kf6 52. Kc2 Nd6 53. Rd7 Nc4 54. Kb3 Ke6 55. Rd1 Ne5 56. b5 f5 57. Kb4 f4 58. Ba7 f3 59. b6 f2 60. Kb5 Rf8 61. Rf1 Rf3 62. Bb8 Nd7 63. Bd6 Kd5 64. Be7 Ne5 65. Bh4 Rb3+ 66. Ka4 Rb2 67. Bxf2 Nd3 68. Rd1 Rxf2 69. Rxd3+ Kxc5 70. b7 Rf8 71. Rb3 Rb8 72. Ka5 Kc6 73. Ka6 1-0

[Event "FB1 2324 SK Schwäbisch Hall - SG Soling"]
[Site "?"]
[Date "2024.01.21"]
[Round "6.5"]
[White "Bashylina, Luisa"]
[Black "Milliet, Sophie"]
[Result "0-1"]
[WhiteElo "2165"]
[BlackElo "2384"]
[PlyCount "60"]
[EventDate "2024.??.??"]

1. d4 d5 2. c4 e6 3. Nc3 c5 4. cxd5 cxd4 5. Qa4+ Bd7 6. Qxd4 exd5 7. Nf3 Nf6 8. g3 Nc6 9. Qd1 Bg4 10. Bg2 d4 11. Nb1 Bc5 12. O-O O-O 13. Nbd2 Re8 14. Nb3 Bb6 15. Bf4 Qd7 16. Rc1 Rad8 17. Bg5 Qf5 18. Bxf6 Qxf6 19. h3 Bf5 20. Nh4 d3 21. e3 d2 22. Nxd2 Bd3 23. Re1 Qxb2 24. Qb3 Qxd2 25. Red1 Qxf2+ 26. Kxf2 Bxe3+ 27. Ke1 Bxc1+ 28. Kf2 Be3+ 29. Ke1 Bb6+ 30. Kd2 Bc4+ 0-1

[Event "FB1 2324 SK Schwäbisch Hall - SG Soling"]
[Site "?"]
[Date "2024.01.21"]
[Round "6.6"]
[White "Ricken, Katharina"]
[Black "Sereda, Yaroslava"]
[Result "1-0"]
[WhiteElo "2183"]
[BlackElo "1939"]
[PlyCount "75"]
[EventDate "2024.??.??"]

1. Nf3 d5 2. g3 Nf6 3. Bg2 e6 4. d4 Be7 5. O-O O-O 6. c4 c6 7. Qc2 b6 8. b3 Bb7 9. Rd1 Nbd7 10. Nc3 c5 11. cxd5 Nxd5 12. Nxd5 Bxd5 13. e4 Bb7 14. dxc5 Qc8 15. c6 Qxc6 16. Qxc6 Bxc6 17. Nd4 Nb8 18. Bf4 Bc5 19. Rac1 Bb7 20. Nb5 Na6 21. Bd6 Rfd8 22. Bxc5 Nxc5 23. Nd6 Ba6 24. e5 Rab8 25. f4 g5 26. b4 Nb7 27. Bxb7 Bxb7 28. Rc7 a5 29. Rdc1 Bd5 30. Nxf7 Rf8 31. Nxg5 axb4 32. Nxh7 Rf7 33. Nf6+ Kg7 34. Rxf7+ Kxf7 35. Nxd5 exd5 36. Rb1 Ra8 37. Rxb4 Rxa2 38. Rxb6 1-0

[Event "FB1 2324 Schachfreunde Deizisau - Hambur"]
[Site "?"]
[Date "2024.01.21"]
[Round "6.1"]
[White "Socko, Monika"]
[Black "Klek, Hanna Marie"]
[Result "1-0"]
[WhiteElo "2410"]
[BlackElo "2284"]
[PlyCount "53"]
[EventDate "2024.??.??"]

1. d4 d5 2. Bf4 Nf6 3. e3 e6 4. Nf3 Bd6 5. Bg3 O-O 6. Nbd2 c5 7. c3 Qc7 8. Bd3 Nbd7 9. Qe2 e5 10. dxe5 Nxe5 11. Nxe5 Bxe5 12. f4 Bd6 13. Bh4 c4 14. Bc2 Qb6 15. Bxf6 gxf6 16. O-O-O f5 17. Rhf1 Bc5 18. Rf3 Kh8 19. Nf1 Rd8 20. Rh3 Bf8 21. Qh5 Qg6 22. Qh4 Be6 23. g4 Bg7 24. gxf5 Bxf5 25. Bxf5 Qxf5 26. Ng3 Qg6 27. f5 1-0

[Event "FB1 2324 Schachfreunde Deizisau - Hambur"]
[Site "?"]
[Date "2024.01.21"]
[Round "6.2"]
[White "Rapport, Jovana"]
[Black "Gaal, Zsoka"]
[Result "0-1"]
[WhiteElo "2320"]
[BlackElo "2341"]
[PlyCount "100"]
[EventDate "2024.??.??"]

1. e4 c6 2. Nf3 d5 3. Nc3 Bg4 4. h3 Bxf3 5. Qxf3 Nf6 6. g3 e6 7. Bg2 d4 8. Nb1 h5 9. d3 h4 10. O-O Nbd7 11. gxh4 Ne5 12. Qg3 Ng6 13. Bg5 e5 14. Nd2 Be7 15. Nf3 Nh5 16. Qg4 Bxg5 17. hxg5 Qd7 18. Qxd7+ Kxd7 19. Kh2 Nhf4 20. Rg1 Kd6 21. Bf1 Nh4 22. Nxh4 Rxh4 23. Kg3 Rah8 24. Kf3 g6 25. Rg3 R4h5 26. Bg2 c5 27. Rg1 Rc8 28. Bf1 b5 29. Rg4 c4 30. dxc4 bxc4 31. h4 Kc5 32. b3 d3 33. c3 cxb3 34. axb3 Rb8 35. Ke3 Rxb3 36. Bxd3 Rxc3 37. Rd1 Rh8 38. Rxf4 exf4+ 39. Kxf4 Rd8 40. Be2 Rxd1 41. Bxd1 Rd3 42. Bc2 Rc3 43. Bd1 Kd6 44. h5 gxh5 45. Bxh5 Ke7 46. Be2 a5 47. Bb5 Rc5 48. Ba4 Rc4 49. Bb3 Rb4 50. Bd5 a4 0-1

[Event "FB1 2324 Schachfreunde Deizisau - Hambur"]
[Site "?"]
[Date "2024.01.21"]
[Round "6.3"]
[White "Papp, Sarah"]
[Black "Koepke, Elena"]
[Result "0-1"]
[WhiteElo "2279"]
[BlackElo "2239"]
[PlyCount "72"]
[EventDate "2024.??.??"]

1. e4 e5 2. Nf3 Nf6 3. d4 Nxe4 4. Bd3 d5 5. Nxe5 Nd7 6. Nc3 Nxe5 7. dxe5 Bb4 8. O-O Nxc3 9. bxc3 Bxc3 10. Rb1 O-O 11. Bxh7+ Kxh7 12. Qd3+ Kg8 13. Qxc3 a5 14. f4 d4 15. Qf3 Re8 16. Rb5 c6 17. Rb3 a4 18. Ra3 Bf5 19. Qh5 Qd7 20. Rg3 c5 21. Rg5 g6 22. Qh6 d3 23. cxd3 Qd4+ 24. Kh1 Qxd3 25. Re1 Qc3 26. Rg1 Qc2 27. h3 Rad8 28. Rg3 Rd1 29. Be3 Red8 30. e6 Bxe6 31. f5 Bxf5 32. Bg5 Rxg1+ 33. Kxg1 Rd1+ 34. Kh2 Qb2 35. Qh4 Qd4 36. Qh6 Qg1# 0-1

[Event "FB1 2324 Schachfreunde Deizisau - Hambur"]
[Site "?"]
[Date "2024.01.21"]
[Round "6.4"]
[White "Nebolsina, Vera"]
[Black "Lubbe, Melanie"]
[Result "0-1"]
[WhiteElo "2217"]
[BlackElo "2227"]
[PlyCount "86"]
[EventDate "2024.??.??"]

1. d4 Nf6 2. Nf3 g6 3. Bg5 Bg7 4. Nbd2 d5 5. e3 O-O 6. Bd3 b6 7. Qe2 Bb7 8. e4 h6 9. e5 hxg5 10. Nxg5 c5 11. e6 Ne4 12. exf7+ Rxf7 13. Nxf7 Kxf7 14. Nf3 cxd4 15. h4 Qd6 16. h5 Nd7 17. Bxe4 dxe4 18. Ng5+ Ke8 19. O-O Qe5 20. Qg4 Nf6 21. Qh4 Nxh5 22. f4 exf3 23. Rae1 Qg3 24. Nxf3 Bf6 25. Qh2 Qxh2+ 26. Kxh2 Kd7 27. g4 Nf4 28. g5 Bg7 29. Nxd4 Rh8+ 30. Kg3 Nh5+ 31. Kg4 Bxd4 32. Rd1 e5 33. c3 Ke7 34. cxd4 e4 35. d5 Kd6 36. Rfe1 Bc8+ 37. Kh4 Ke5 38. d6 Bd7 39. Rh1 Rf8 40. Rhf1 Rh8 41. Rf7 Nf4+ 42. Kg3 Rh3+ 43. Kf2 Rf3+ 0-1

[Event "FB1 2324 Schachfreunde Deizisau - Hambur"]
[Site "?"]
[Date "2024.01.21"]
[Round "6.5"]
[White "Bluhm, Sonja Maria"]
[Black "Valkova, Angelika"]
[Result "1-0"]
[WhiteElo "2202"]
[BlackElo "2021"]
[PlyCount "103"]
[EventDate "2024.??.??"]

1. e4 e5 2. Nf3 Nc6 3. Bc4 Nf6 4. d3 d5 5. exd5 Nxd5 6. O-O Nb6 7. Bb5 Bd6 8. Re1 f6 9. d4 O-O 10. Bxc6 bxc6 11. h3 exd4 12. Qxd4 Bf5 13. Qc3 Re8 14. Be3 Nd5 15. Qxc6 Kh8 16. Nd4 Bg6 17. Nc3 Nxe3 18. Rxe3 Rxe3 19. fxe3 Qe8 20. Qxe8+ Rxe8 21. Kf2 a6 22. Rc1 Rb8 23. b3 Kg8 24. Nce2 Ba3 25. Re1 c5 26. Nc6 Re8 27. c3 c4 28. b4 Be4 29. Ncd4 Bb2 30. Rd1 a5 31. b5 Ba3 32. Nf3 Bd3 33. Nf4 Rb8 34. Nxd3 cxd3 35. Nd4 Bc5 36. a4 Bxd4 37. cxd4 Rc8 38. Rxd3 Kf7 39. b6 Rc2+ 40. Kf3 Rb2 41. Rc3 Rxb6 42. Rc5 Ra6 43. e4 h6 44. Ke3 Rb6 45. Rxa5 Rb2 46. Ra7+ Kg6 47. Kf3 Rb3+ 48. Kf4 Rb2 49. g3 Kh5 50. Rxg7 Rb4 51. d5 f5 52. g4+ 1-0

[Event "FB1 2324 Schachfreunde Deizisau - Hambur"]
[Site "?"]
[Date "2024.01.21"]
[Round "6.6"]
[White "Jelica, Mara"]
[Black "Ziegenfuss, Antonia"]
[Result "0-1"]
[WhiteElo "2068"]
[BlackElo "2219"]
[PlyCount "80"]
[EventDate "2024.??.??"]

1. e4 c5 2. Nf3 e6 3. d4 cxd4 4. Nxd4 Nf6 5. Nc3 Nc6 6. Ndb5 Bc5 7. Bf4 O-O 8. Bd6 Qb6 9. Bxc5 Qxc5 10. Nd6 a6 11. Qd2 b5 12. a3 Ng4 13. Rd1 Nge5 14. Be2 Ne7 15. O-O Ra7 16. Kh1 f5 17. f4 Nc4 18. Bxc4 bxc4 19. Qd4 Rc7 20. Qxc5 Rxc5 21. Nxc8 Rfxc8 22. Rxd7 R5c7 23. Rfd1 fxe4 24. Nxe4 Nd5 25. Rxc7 Rxc7 26. Ng5 Rb7 27. h4 h6 28. Nxe6 Ne3 29. Rd2 Rxb2 30. Rd7 Nf5 31. g4 Nxh4 32. Rxg7+ Kh8 33. Rc7 Rxc2 34. f5 Nf3 35. Rc8+ Kh7 36. Rc7+ Kg8 37. Rc8+ Kf7 38. Rc7+ Kf6 39. g5+ Ke5 40. Rc5+ Kd6 0-1

[Event "FB1 2324 SK Schwäbisch Hall - SV Weißb"]
[Site "?"]
[Date "2024.03.23"]
[Round "7.1"]
[White "Roessler, Ulrike"]
[Black "Javakhishvili, Lela"]
[Result "0-1"]
[WhiteElo "2100"]
[BlackElo "2447"]
[PlyCount "174"]
[EventDate "2024.??.??"]

1. e4 e5 2. Nf3 Nc6 3. Bc4 Bc5 4. c3 Nf6 5. d4 exd4 6. cxd4 Bb4+ 7. Nbd2 O-O 8. d5 Ne7 9. e5 Nfxd5 10. Qb3 c6 11. O-O d6 12. a3 Ba5 13. exd6 Qxd6 14. Ne4 Qc7 15. Qc2 h6 16. b4 Bb6 17. Bb2 Bf5 18. Bd3 Rad8 19. Rac1 Qc8 20. Rfe1 Bc7 21. Nd4 Bg6 22. Ng3 Bxd3 23. Qxd3 Qg4 24. b5 Bf4 25. Rc2 cxb5 26. Qxb5 b6 27. Rce2 Bd6 28. Re4 Qc8 29. Qb3 Bc5 30. Qf3 Kh7 31. Nh5 Rg8 32. Nb3 Qf5 33. Qe2 Ng6 34. Nxc5 bxc5 35. Ng3 Qd7 36. h4 Ndf4 37. Rxf4 Nxf4 38. Qe4+ Ng6 39. h5 Rge8 40. hxg6+ fxg6 41. Be5 Qd3 42. Qb7 Rd7 43. Qb2 c4 44. Re3 Qd1+ 45. Nf1 Ree7 46. Qb4 Qd5 47. Qe1 Qc5 48. Qa1 Rd3 49. Bd4 Qd6 50. Be5 Qd5 51. Bc3 Rb7 52. Re5 Qf7 53. Qe1 Rd5 54. Re8 Rd1 55. Qxd1 Qxe8 56. Qd4 Qe2 57. Nd2 Qd3 58. Qe5 Rd7 59. Qe6 Qd5 60. Qe3 Rb7 61. Kh2 Qd6+ 62. Kg1 Re7 63. Ne4 Qxa3 64. f3 Qd6 65. Qe1 Qb6+ 66. Kh2 Qc7+ 67. Kh1 Rd7 68. g3 Qc6 69. Kg2 Qd5 70. Qe3 Rf7 71. g4 Qd3 72. Qf2 g5 73. Qg3 Rf4 74. Qf2 Kg8 75. Bd2 Rf7 76. Bb4 Qd5 77. Nd6 Rf4 78. Ne4 a5 79. Bd2 Rf7 80. Qb6 Qd3 81. Qb8+ Rf8 82. Qg3 Qe2+ 83. Qf2 Qxf2+ 84. Kxf2 a4 85. Bb4 Rb8 86. Bd6 Rb3 87. Nd2 c3 0-1

[Event "FB1 2324 Karlsruher SF 1853 - Hamburger "]
[Site "?"]
[Date "2024.03.23"]
[Round "7.1"]
[White "Roebers, Eline"]
[Black "Georgescu, Lena"]
[Result "1-0"]
[WhiteElo "2369"]
[BlackElo "2218"]
[PlyCount "137"]
[EventDate "2024.??.??"]

1. e4 e5 2. Nf3 Nc6 3. Bc4 Bc5 4. c3 Nf6 5. d4 exd4 6. e5 d5 7. Bb5 Ne4 8. cxd4 Bb6 9. Nc3 O-O 10. Be3 Bg4 11. h3 Bh5 12. Qc2 Ba5 13. O-O Bxf3 14. gxf3 Ng5 15. Kg2 Bxc3 16. bxc3 Ne6 17. f4 f5 18. Qa4 Qh4 19. Bxc6 bxc6 20. Qxc6 Rae8 21. c4 dxc4 22. Qf3 g5 23. Qg3 Qxg3+ 24. fxg3 gxf4 25. Bxf4 Rd8 26. Bh6 Rf7 27. Rab1 Nxd4 28. Rfc1 c5 29. Rxc4 Rc7 30. Be3 Kf7 31. Rbc1 Ne6 32. Rh4 Kg7 33. Rf1 Rd3 34. Bc1 Rc3 35. Bh6+ Kg6 36. Bd2 Rc2 37. Rf2 Rd7 38. Be3 Rxf2+ 39. Kxf2 Nd4 40. Rh6+ Kg7 41. Rf6 Rf7 42. Bh6+ Kg8 43. Rd6 Re7 44. Bf4 Ne6 45. Ke3 Kf7 46. Kd3 Rb7 47. Bd2 Ke7 48. Ra6 Rd7+ 49. Kc3 Kf7 50. Bf4 Ke7 51. Be3 Rb7 52. a3 Kf7 53. Kc4 Rc7 54. Ra5 Rb7 55. Ra6 Rc7 56. a4 Ke7 57. a5 Kf7 58. Kd5 Rd7+ 59. Rd6 Re7 60. Bf4 c4 61. Kxc4 Rc7+ 62. Kb5 Rc5+ 63. Kb4 Rc7 64. Be3 Ke7 65. Ra6 Rb7+ 66. Kc4 Rc7+ 67. Kd5 Rd7+ 68. Rd6 Nc7+ 69. Kc6 1-0

[Event "FB1 2324 Karlsruher SF 1853 - Hamburger "]
[Site "?"]
[Date "2024.03.23"]
[Round "7.2"]
[White "Schmidt, Jessica"]
[Black "Gaal, Zsoka"]
[Result "1/2-1/2"]
[WhiteElo "2205"]
[BlackElo "2379"]
[PlyCount "93"]
[EventDate "2024.??.??"]

1. d4 Nf6 2. Nf3 e6 3. Bf4 d5 4. e3 c5 5. dxc5 Bxc5 6. Nc3 O-O 7. Bd3 Nc6 8. a3 h6 9. h3 Qe7 10. Ne5 Bd6 11. Nxc6 bxc6 12. Bxd6 Qxd6 13. O-O Rb8 14. b3 e5 15. e4 Be6 16. Qe2 Nd7 17. Na4 a5 18. Rfe1 d4 19. f4 f6 20. f5 Bf7 21. Bc4 Nc5 22. Nb2 Qc7 23. Rac1 Rfd8 24. Rcd1 Nb7 25. Rd3 Nd6 26. Bxf7+ Qxf7 27. Rg3 c5 28. Qd2 c4 29. Nxc4 Nxc4 30. bxc4 a4 31. Rd1 Rdc8 32. Qxh6 Rxc4 33. Qd2 Rbc8 34. Qa5 Qb7 35. Rg4 Rxc2 36. Qxa4 R2c3 37. Ra1 Ra8 38. Qd1 Raxa3 39. Rxa3 Rxa3 40. Qc2 Ra1+ 41. Kh2 Ra8 42. Qc4+ Qf7 43. Qb5 Rc8 44. Qa6 Rd8 45. Qb6 Rc8 46. Qa6 Rd8 47. Qb6 1/2-1/2

[Event "FB1 2324 Karlsruher SF 1853 - Hamburger "]
[Site "?"]
[Date "2024.03.23"]
[Round "7.3"]
[White "Papp, Sarah"]
[Black "Doll, Rebecca"]
[Result "1-0"]
[WhiteElo "2281"]
[BlackElo "1955"]
[PlyCount "97"]
[EventDate "2024.??.??"]

1. e4 e5 2. Nf3 Nc6 3. Bb5 a6 4. Ba4 Nf6 5. O-O Be7 6. Re1 b5 7. Bb3 d6 8. c3 O-O 9. h3 Bb7 10. d4 Re8 11. Nbd2 Bf8 12. a4 Na5 13. Bc2 b4 14. d5 bxc3 15. bxc3 c6 16. c4 Qc7 17. Ba3 Reb8 18. Rc1 c5 19. Bb2 Bc8 20. Bc3 g6 21. Rb1 Nh5 22. Bd3 Nf4 23. Bf1 Be7 24. Kh2 Bd8 25. g3 Nh5 26. Rxb8 Qxb8 27. Be2 Ra7 28. Nxe5 dxe5 29. Bxh5 gxh5 30. Qxh5 Re7 31. Qg5+ Kf8 32. f4 Bc7 33. f5 f6 34. Qxf6+ Rf7 35. Qh8+ Ke7 36. d6+ Bxd6 37. Bxa5 Bd7 38. Qxb8 Bxb8 39. Rb1 Bd6 40. Rb7 Rf8 41. Bb6 Ke8 42. a5 h6 43. Kg2 Bc6 44. Rh7 Rf6 45. g4 Be7 46. Kf3 Bd7 47. Bc7 Bd6 48. Bxd6 Rxd6 49. Ke3 1-0

[Event "FB1 2324 Karlsruher SF 1853 - Hamburger "]
[Site "?"]
[Date "2024.03.23"]
[Round "7.4"]
[White "Wiesner, Paula"]
[Black "Lubbe, Melanie"]
[Result "0-1"]
[WhiteElo "1990"]
[BlackElo "2236"]
[PlyCount "94"]
[EventDate "2024.??.??"]

1. d4 g6 2. e4 Bg7 3. f4 d6 4. Nf3 Bg4 5. Be2 c5 6. c3 Qb6 7. d5 Nd7 8. Nbd2 Qc7 9. O-O Ngf6 10. Qc2 O-O 11. h3 Bxf3 12. Nxf3 c4 13. Be3 b5 14. b3 Nh5 15. bxc4 Ng3 16. Rfe1 Nxe2+ 17. Rxe2 Qxc4 18. Bd4 Rfc8 19. Rc1 Nc5 20. Rd2 Na4 21. Rd3 b4 22. Nd2 Bxd4+ 23. Rxd4 Qxc3 24. Rc4 Qe3+ 25. Kh1 Rxc4 26. Nxc4 Qxf4 27. Rb1 Nc3 28. Rxb4 Nxe4 29. Kg1 Nf6 30. Qd3 Rc8 31. a3 a5 32. Ra4 Nd7 33. Qe3 Qxe3+ 34. Nxe3 Rc5 35. Nc4 Rxd5 36. Rxa5 Rd4 37. Ne3 Nc5 38. Ra7 e5 39. Nc2 Rd1+ 40. Kh2 e4 41. a4 Rd2 42. Ne3 Rd3 43. Nc2 Rc3 44. Nd4 Rc4 45. Nb5 e3 46. Nxd6 e2 47. Re7 Ne6 0-1

[Event "FB1 2324 Karlsruher SF 1853 - Hamburger "]
[Site "?"]
[Date "2024.03.23"]
[Round "7.5"]
[White "Fuchs, Judith"]
[Black "Scheynin, Julia"]
[Result "1/2-1/2"]
[WhiteElo "2236"]
[BlackElo "1948"]
[PlyCount "85"]
[EventDate "2024.??.??"]

1. d4 d5 2. Bf4 e6 3. e3 Bd6 4. Bg3 Nf6 5. Nf3 c6 6. Bd3 Qc7 7. Ne5 Nbd7 8. f4 c5 9. c3 c4 10. Bc2 b5 11. Nd2 Bb7 12. O-O O-O 13. Qf3 Ne8 14. Nxd7 Qxd7 15. f5 exf5 16. Bxf5 Qc7 17. Bf4 Bxf4 18. Qxf4 Qxf4 19. Rxf4 Nd6 20. Bc2 Rae8 21. Kf2 Re7 22. Re1 Rfe8 23. h4 g6 24. g4 h6 25. g5 hxg5 26. hxg5 Kg7 27. Rh4 Rh8 28. Reh1 Rxh4 29. Rxh4 a5 30. a3 Re6 31. Rf4 f6 32. gxf6+ Rxf6 33. Nf3 Bc8 34. Ne5 Bf5 35. Bxf5 Rxf5 36. Kf3 Kf6 37. Nc6 a4 38. Nb4 Ke6 39. Na6 Ne8 40. Nc5+ Kf6 41. Nd7+ Ke6 42. Nc5+ Kf6 43. Nd7+ 1/2-1/2

[Event "FB1 2324 Karlsruher SF 1853 - Hamburger "]
[Site "?"]
[Date "2024.03.23"]
[Round "7.6"]
[White "Grining, Maria"]
[Black "Bluhm, Sonja Maria"]
[Result "0-1"]
[WhiteElo "1854"]
[BlackElo "2202"]
[PlyCount "58"]
[EventDate "2024.??.??"]

1. d4 Nf6 2. Nf3 g6 3. e3 Bg7 4. Bd3 O-O 5. Nbd2 d6 6. b3 Nbd7 7. Bb2 Re8 8. O-O e5 9. dxe5 dxe5 10. e4 Nh5 11. Bc4 Nb6 12. Qe1 Bg4 13. Rd1 Qe7 14. Qe3 Rad8 15. Rfe1 Nf4 16. Bf1 Qf6 17. h3 Bd7 18. Bxe5 Rxe5 19. Nxe5 Qxe5 20. Nf3 Nxh3+ 21. gxh3 Qe7 22. Bg2 Re8 23. a4 a5 24. Nd2 Bc6 25. Nf1 Nd7 26. Ng3 b6 27. Kh1 Nc5 28. f4 Qh4 29. e5 Qxh3+ 0-1